000 00414nam a2200181Ia 4500
001 15712
005 20260306170216.0
008 260306t2020||||xx |||||||||||||| ||und||
041 _aESP
082 _a579
_bC78
100 _aCornelissen, Cynthia Nau
_eAUT
245 0 _aMicrobiologĂ­a
260 _c2020
300 _a450 páginas :
_c28 cm.
650 _aGEN
654 _aCIA
942 _cLIB
_dJUS
_fJUS
_2ddc
_n
999 _c15712
_d15712